Statistics for NBA DWS Leaders who have Passed Away

Click here to take the quiz!

General Stats

  • This quiz has been taken 2 times
  • The average score is 3 of 9

Answer Stats

SeasonPlayer% Correct
1958-1967
1969
Bill Russell
100%
1972
1968
Wilt Chamberlain
100%
1950-1954George Mikan
50%
1949Andy Phillip
0%
1955Dolph Schayes
0%
1948Howie Dallmar
0%
1985Mark Eaton
0%
1956-1957Maurice Stokes
0%
1947Stan Miasek
0%

Score Distribution

Percentile by Number Answered

Percent of People with Each Score

Your Score History

You have not taken this quiz